000 00605nam a2200205 i 4500
001 49579
003 ES-MaACL
005 20230906162021.0
007 t|
008 030718s1973 fr ||||1| eng d
020 _a2-7056-5673-1
100 1 _aCostabel, Pierre.
_941125
245 1 0 _aLeibniz and dynamics
_b: the texts of 1692 /
_cPierre Costabel ; translated by R.E.W. Maddison.
260 _aParis :
_bHermann,
_c[1973]
300 _a141 p. ;
_c21 cm.
500 _aIndices.
504 _aBibliografía: p. 140-141.
700 1 _aMaddison, R.E.W.
_975306
852 _aES-MaACL
_jL-10088
_bR.112093
999 _c49579
_d49579